<?xml version="1.0" encoding="UTF-8"?><?xml-stylesheet type="text/xsl" href="static/style.xsl"?><OAI-PMH xmlns="http://www.openarchives.org/OAI/2.0/" xmlns:xsi="http://www.w3.org/2001/XMLSchema-instance" xsi:schemaLocation="http://www.openarchives.org/OAI/2.0/ http://www.openarchives.org/OAI/2.0/OAI-PMH.xsd"><responseDate>2026-04-27T22:05:47Z</responseDate><request verb="GetRecord" identifier="oai:uvadoc.uva.es:10324/20604" metadataPrefix="marc">https://uvadoc.uva.es/oai/request</request><GetRecord><record><header><identifier>oai:uvadoc.uva.es:10324/20604</identifier><datestamp>2025-02-19T08:49:25Z</datestamp><setSpec>com_10324_38</setSpec><setSpec>col_10324_852</setSpec></header><metadata><record xmlns="http://www.loc.gov/MARC21/slim" xmlns:doc="http://www.lyncode.com/xoai" xmlns:xsi="http://www.w3.org/2001/XMLSchema-instance" xmlns:dcterms="http://purl.org/dc/terms/" xsi:schemaLocation="http://www.loc.gov/MARC21/slim http://www.loc.gov/standards/marcxml/schema/MARC21slim.xsd">
<leader>00925njm 22002777a 4500</leader>
<datafield tag="042" ind1=" " ind2=" ">
<subfield code="a">dc</subfield>
</datafield>
<datafield tag="720" ind1=" " ind2=" ">
<subfield code="a">Aira Alonso, Isabel</subfield>
<subfield code="e">author</subfield>
</datafield>
<datafield tag="260" ind1=" " ind2=" ">
<subfield code="c">2016</subfield>
</datafield>
<datafield tag="520" ind1=" " ind2=" ">
<subfield code="a">En este trabajo sobre el uso de las redes sociales como forma de ejercer violencia entre las parejas jóvenes he querido investigar la percepción que tienen  sobre esta temática ya que los son los principales consumidores de las mismas. Los y las participantes de este estudio son 100 personas, 70 mujeres y 30 hombres con edades comprendidas entre 18 y 30 años. Dicha muestra ha respondido a un cuestionario sobre el uso de las redes sociales, el uso del contenido que comparte a través de ellas, relación y dinámica de pareja, etc. Los resultados de este estudio nos muestran que los encuestados y las encuestadas, en algunos casos han sufrido algún tipo de acoso a través de las redes sociales así como la normalización del uso de las mismas para poder tener más control sobre sus parejas y conductas propias del acoso a través de estas redes.</subfield>
</datafield>
<datafield tag="024" ind2=" " ind1="8">
<subfield code="a">http://uvadoc.uva.es/handle/10324/20604</subfield>
</datafield>
<datafield ind1=" " ind2=" " tag="653">
<subfield code="a">[Pendiente de asignar]</subfield>
</datafield>
<datafield tag="245" ind1="0" ind2="0">
<subfield code="a">La violencia entre parejas a través de las redes sociales</subfield>
</datafield>
</record></metadata></record></GetRecord></OAI-PMH>